00713nam a2200217 i 4500001000300000245008600003260005200089300003200141504001200173650003500185655003000220700002700250700002000277020001800297040000800315041000800323044000800331080001700339008004100356856009800397bg00aEnglish literature in context /cgen ed. Paul Poplawski ; Valerie Allen [et al.]. aCambridge :bCambridge University Press,c2008. aXX, 685 s. :bil. ;c25 cm. aIndeks. 9aLiteratura angielskaxhistoria aPodręczniki akademickie1 aPoplawski, Paul.eRed.1 aAllen, Valerie. a9780521549288 cBPK0 aeng aGBR a821.111(091) s pl f |000 0 pol  uhttp://koha.tu.koszalin.pl/cgi-bin/koha/opac-detail.pl?biblionumber=55178yKatalog online BPK